书目信息 |
| 题名: |
智能低压电器原理及应用
|
|
| 作者: | 曾允文 编 | |
| 分册: | ||
| 出版信息: | 北京 化学工业出版社 2015 |
|
| 页数: | 184页 | |
| 开本: | 26cm | |
| 丛书名: | ||
| 单 册: | ||
| 中图分类: | TM52 , TM5 | |
| 科图分类: | ||
| 主题词: | 电器--di ya dian qi | |
| 电子资源: | ||
| ISBN: | 978-7-122-22486-6 | |
| 000 | 00889nam0 2200241 450 | |
| 001 | 1651905125 | |
| 005 | 20150309165211.5 | |
| 010 | @a978-7-122-22486-6@dCNY48.00 | |
| 100 | @a20150305d2015 em y0chiy0120 ea | |
| 101 | 0 | @achi |
| 102 | @aCN@b110000 | |
| 105 | @aak z 000yy | |
| 106 | @ar | |
| 200 | 1 | @a智能低压电器原理及应用@Azhi neng di ya dian qi yuan li ji ying yong@f曾允文编 |
| 210 | @a北京@c化学工业出版社@d2015 | |
| 215 | @a184页@c图@d26cm | |
| 330 | @a本书首先介绍了智能低压电器的基础知识, 然后分别介绍了智能万能式断路器、智能塑壳式断路器、智能漏电断路器、智能真空断路器、智能双电源自动转换开关、智能交流接触器、智能电机软启动器、智能继电器、智能开关柜、智能补偿电容器的结构、原理以及应用技术。 | |
| 606 | 0 | @a电器@Adi ya dian qi |
| 690 | @aTM52@v5 | |
| 690 | @aTM5@v4 | |
| 701 | 0 | @a曾允文@Azeng yun wen@4编 |
| 801 | 0 | @aCN@b江苏新华@c20150511 |
| 905 | @aBZT@dTM5@e7 | |
| 智能低压电器原理及应用/曾允文编.-北京:化学工业出版社,2015 |
| 184页:图;26cm |
| ISBN 978-7-122-22486-6:CNY48.00 |
| 本书首先介绍了智能低压电器的基础知识, 然后分别介绍了智能万能式断路器、智能塑壳式断路器、智能漏电断路器、智能真空断路器、智能双电源自动转换开关、智能交流接触器、智能电机软启动器、智能继电器、智能开关柜、智能补偿电容器的结构、原理以及应用技术。 |
| ● |
| 相关链接 |
|
|
|
正题名:智能低压电器原理及应用
索取号:TM5/7
 
预约/预借
| 序号 | 登录号 | 条形码 | 馆藏地/架位号 | 状态 | 备注 |
| 1 | 801917 | 2000801917 | 第二书库/ [索取号:TM5/7] | 在馆 | |
| 2 | 801918 | 2000801918 | 第二书库/ [索取号:TM5/7] | 在馆 | |
| 3 | 801919 | 2000801919 | 第二书库/ [索取号:TM5/7] | 在馆 |